Portación de Staphylococcus aureus en mascotas : (Registro nro. 3076)

Detalles MARC
000 -LEADER
fixed length control field 02134nam a2200265 4500
005 - DATE AND TIME OF LATEST TRANSACTION
control field 20250329165417.0
007 - PHYSICAL DESCRIPTION FIXED FIELD--GENERAL INFORMATION
fixed length control field ta
008 - FIXED-LENGTH DATA ELEMENTS--GENERAL INFORMATION
fixed length control field 180709s2021 000 0 eng d
040 ## - CATALOGING SOURCE
Original cataloging agency CO-CtgCURN
Language of cataloging spa
Transcribing agency coctgcurn
082 0# - DEWEY DECIMAL CLASSIFICATION NUMBER
Classification number BAC 2021
Item number M779
100 1# - MAIN ENTRY--PERSONAL NAME
Personal name Montes Álvarez, Andrés Camilo.
245 10 - TITLE STATEMENT
Title Portación de Staphylococcus aureus en mascotas :
Remainder of title una revisión de literatura /
Statement of responsibility, etc. Andrés Camilo Montes Álvarez, Mónica Patricia Montoya Torrente, Stephany Romero Meléndez.
260 ## - PUBLICATION, DISTRIBUTION, ETC.
Date of publication, distribution, etc. 2021.
260 #1 - PUBLICATION, DISTRIBUTION, ETC.
Place of publication, distribution, etc. Cartagena de Indias : :
Name of publisher, distributor, etc. Corporación Universitaria Rafael Nuñez,,
Date of publication, distribution, etc. 2021.
300 ## - PHYSICAL DESCRIPTION
Extent 15 hojas.
504 ## - BIBLIOGRAPHY, ETC. NOTE
Bibliography, etc. note Trabajo de grado (Bacteriologia). Corporación Universitaria Rafael Nuñez. Facultad de Ciencias de la salud. Bacteriologia, 2021.
520 ## - SUMMARY, ETC.
Summary, etc. "La colonización de la nariz con S. aureus es utilizada para evaluar la exposición humana a S. aureus asociado con mascotas. Los animales de compañía, son colonizados por estas bacterias, convirtiéndose en un reservorio para reinfectar a sus dueños. En algunas ocasiones, esta bacteria puede producir infecciones como otitis y pioderma cuando las barreras mucosas y de la piel se ven afectadas por factores predisponentes como dermatitis atópica, procedimientos quirúrgicos o desordenes inmunosupresivos. La transmisión bidireccional de esta bacteria es un reto para la salud pública, debido a que es una importante causa de morbilidad y mortalidad tanto en humanos como animales, además de su capacidad para adquirir genes de resistencia que pueden transmitir a estafilococos comensales e inclusos a otros géneros bacterianos. "
650 14 - SUBJECT ADDED ENTRY--TOPICAL TERM
Topical term or geographic name entry element Bacteriologia
Form subdivision Tesis y disertaciones academicas.
700 1# - ADDED ENTRY--PERSONAL NAME
Personal name Montoya Torrente, Mónica Patricia.
700 1# - ADDED ENTRY--PERSONAL NAME
Personal name Romero Meléndez, Stephany.
856 ## - ELECTRONIC LOCATION AND ACCESS
Uniform Resource Identifier <a href="https://unicurn.sharepoint.com/:b:/s/biblioteca/EdIrK-foD0ZIl3S7hbEBrSoB4p--8h08lxDx6nEYD27r7w?e=GTGGi2">https://unicurn.sharepoint.com/:b:/s/biblioteca/EdIrK-foD0ZIl3S7hbEBrSoB4p--8h08lxDx6nEYD27r7w?e=GTGGi2</a>
Public note Click aqui para ver el recurso en texto completo
856 7# - ELECTRONIC LOCATION AND ACCESS
Public note Click aqui para ver el recurso en texto completo
942 ## - ADDED ENTRY ELEMENTS (KOHA)
Source of classification or shelving scheme Dewey Decimal Classification
Koha item type Trabajos de grado
Classification part BAC 2021
Item part M779
Existencias
Withdrawn status Lost status Source of classification or shelving scheme Damaged status Not for loan Home library Current library Shelving location Date acquired Source of acquisition Cost, normal purchase price Total checkouts Full call number Barcode Date last seen Copy number Price effective from Koha item type
    Dewey Decimal Classification     Miguel Henríquez Emiliani Miguel Henríquez Emiliani Trabajo de grado 03/29/2025 El autor 350000.00   BAC 2021 M779 023638 06/20/2021 1 06/20/2021 Trabajos de grado